02358 2200457 4500001002100000005001500021035002000036008004100056020001800097041000800115082001000123084001600133100002700149245013200176260003600308300003300344500003100377504001700408520095000425650002501375990002501400990002501425990002501450990002501475990002501500990002501525990002501550990002501575990002501600990002501625990002501650990002501675990002501700990002501725990002501750990002501775990002501800990002501825990002501850990002501875INLIS00000000000815320221026024154 a0010-0520008153221026 | | ind  a9789797566630 aind a336.2 a336.2 MAR h0 aMarihot Pahala Siahaan1 aHukum pajak material :bobjek, subjek, dasar pengenaan pajak, tarif pajak, dan cara perhitungan pajak /cMarihot Pahala Siahaan aYogyakarta :bGraha Ilmu,c2010 axiv, 240 p. ; 26 cm ;c26 cm aSeri Hukum Pajak Indonesia ap. 235 - 237 aPajak pada dasarnya merupakan peralihan sebagian kekayaan dari masyarakat kepada negara yang dimungkinkan oleh undang-undang pajak. Peralihan kekayaan tersebut membuat pajak dipandang dari dua sisi yang berbeda. Bagi masyarakat sering kali pajak dianggap sebagai beban, mengingat setiap anggota masyarakat yang memenuhi ketentuan perpajakan sebagai wajib pajak harus membayar pajak yang dikenakan kepadanya. Di sisi lain bagi pemerintah dan fiskus pajak harus dipungut karena terbukti pajak memberikan kontribusi yang cukup besar terhadap penerimaan negara. Buku ini adalah satu dari rangkaian Seri Hukum Pajak Indonesia, yang membahas tentang ketentuan Hukum Pajak Material. Pembahasan dalam buku ini meliputi objek pajak; subjek pajak dan wajib pajak; saat dan tempat pajak terutang, tahun pajak, serta masa pajak; dasar pengenaan pajak, batas tidak kena pajak; tarif pajak dan cara perhitungan pajak; pengenaan pajak; serta pengurangan pajak. 4aTaxation - Indonesia a18939/MKRI-P/XI-2010 a18940/MKRI-P/XI-2010 a18941/MKRI-P/XI-2010 a18942/MKRI-P/XI-2010 a18939/MKRI-P/XI-2010 a18940/MKRI-P/XI-2010 a18941/MKRI-P/XI-2010 a18942/MKRI-P/XI-2010 a18942/MKRI-P/XI-2010 a18939/MKRI-P/XI-2010 a18940/MKRI-P/XI-2010 a18941/MKRI-P/XI-2010 a18941/MKRI-P/XI-2010 a18939/MKRI-P/XI-2010 a18940/MKRI-P/XI-2010 a18942/MKRI-P/XI-2010 a18940/MKRI-P/XI-2010 a18939/MKRI-P/XI-2010 a18941/MKRI-P/XI-2010 a18942/MKRI-P/XI-2010